Statistics for David Bowie Songs by Synonyms

Click here to take the quiz!

General Stats

  • This quiz has been taken 989 times
    (460 since last reset)
  • The average score is 10 of 16

Answer Stats

HintAnswer% Correct
Cinders to CindersAshes to Ashes
91%
Cosmos PeculiaritySpace Oddity
89%
Vitality on Ares?Life on Mars?
88%
The Guy Who Auctioned the EarthThe Man Who Sold the World
86%
AlterationsChanges
80%
StardomFame
72%
Crystal CaninesDiamond Dogs
70%
IdolsHeroes
69%
Noise and SightSound and Vision
65%
Feral is the GustWild is the Wind
65%
StyleFashion
64%
Ah! You Beautiful ItemsOh! You Pretty Things
58%
Enchanted WaltzMagic Dance
45%
Fractured PerformerCracked Actor
23%
Excellent JourneyFantastic Voyage
16%
Boys of the Quiet EraSons of the Silent Age
16%

Score Distribution

Percentile by Number Answered

Percent of People with Each Score

Your Score History

You have not taken this quiz since the last reset